Využite platformy Arduino v rámci IoT bakalárska práca

Uložené v:
Podrobná bibliografia
Hlavný autor: Némethy, Róbert
Korporativný autor: Fakulta hospodárskej informatiky EU. Katedra aplikovanej informatiky
Ďalší autori: Schmidt, Peter, 1968-
Médium: Kniha
Jazyk:Slovak
Vydavateľské údaje: Bratislava 2021
Tagy: Pridať tag
Žiadne tagy, Buďte prvý, kto otaguje tento záznam!

MARC

LEADER 00000nbm a2200000 4500
001 0276201
005 20220317105502.1
041 0 |a slo 
044 |a SK 
245 1 0 |a Využite platformy Arduino v rámci IoT  |b bakalárska práca  |c Róbert Némethy ; školiteľ: Peter Schmidt 
264 1 |a Bratislava  |c 2021 
300 |a 50 s. 
100 1 |a Némethy, Róbert 
700 1 |a Schmidt, Peter, 1968- 
710 2 |a Fakulta hospodárskej informatiky EU. Katedra aplikovanej informatiky